000 00444cam a2200181ua 4500
001 3674
008 111126n ii |||gr||||Z||||||asm
040 _cMAIN
082 _a491.1
100 1 _aGoswami, Satyendranarayan,
245 1 1 _aPrakrt path manjusa
_cby Satyendranarayan Goswami
250 _a1st.
260 _aDibrugarh:
_bBanalata,992.
300 _a167p:
_c23cm.
653 _aAssamese
653 _aPrakrt path manjusa
942 _cBK
999 _c3503
_d3503